Trouvez les pays selon les championnats sportifs - Statistiques

Statistiques générales
  • Ce quiz a été pris 422 fois
  • Le résultat moyen est 8 sur 10
Statistiques - réponses
Championnat Réponse % Correct
NBA États-Unis
100%
Ligue 1 France
100%
Bundesliga Allemagne
99%
Liga Espagne
99%
Serie A Italie
99%
Premier League Royaume-Uni
99%
Eredivisie Pays-Bas
87%
SüperLig Turquie
80%
NRL Australie
35%
IIPCS Irlande
23%
Aucun quiz correspondant
Distribution des résultats
% des personnes avec chaque résultat
Percentile par nombre de réponses
Votre historique - résultats
Vous n’avez pas pris ce quiz